书目信息 |
| 题名: |
教育家黄炎培研究
|
|
| 作者: | 谢长法 著 | |
| 分册: | ||
| 出版信息: | 济南 山东人民出版社 2015 |
|
| 页数: | 40,342页 | |
| 开本: | 24cm | |
| 丛书名: | 中国近现代原创型教育家研究丛书 | |
| 单 册: | ||
| 中图分类: | G40-092.72 | |
| 科图分类: | ||
| 主题词: | ||
| 电子资源: | ||
| ISBN: | 978-7-209-09371-2 | |
| 000 | 01094nam0 22002651 450 | |
| 001 | 0118172342 | |
| 005 | 20170618172342.0 | |
| 010 | @a978-7-209-09371-2@b精装@dCNY72.00 | |
| 100 | @a20160715d2015 emky0chiy50 ea | |
| 101 | 0 | @achi |
| 102 | @aCN@b370000 | |
| 105 | @ay z 000yd | |
| 106 | @ar | |
| 200 | 1 | @a教育家黄炎培研究@Ajiao yu jia huang yan pei yan jiu@f谢长法著 |
| 210 | @a济南@c山东人民出版社@d2015 | |
| 215 | @a40,342页@d24cm | |
| 225 | 2 | @a中国近现代原创型教育家研究丛书@Azhong guo jin xian dai yuan chuang xing jiao yu jia yan jiu cong shu@f宋恩荣,李剑萍总主编 |
| 300 | @a“十二五”国家重点图书出版规划项目 | |
| 330 | @a本书对教育家黄炎培的教育思想进行研究。全书共十三章,内容包括在清末教育变革浪潮中、在民初教育改革洪流中、职业教育在中国的萌生、推动职业教育制度确立、战时和战后的教育追求等。 | |
| 461 | 0 | @12001 @a中国近现代原创型教育家研究丛书 |
| 600 | 0 | @a黄炎培@Ahuang yan pei@f(1878-1965)@x教育思想@x研究 |
| 690 | @aG40-092.72@v5 | |
| 701 | 0 | @a谢长法@Axie chang fa@f(1965~)@4著 |
| 801 | 0 | @aCN@bTANGWEI@c20170615 |
| 905 | @b1009485-90@dG40-092.72@e769@f6 | |
| 教育家黄炎培研究/谢长法著 .-济南:山东人民出版社,2015 |
| 40,342页;24cm.-(中国近现代原创型教育家研究丛书/宋恩荣,李剑萍总主编) |
| “十二五”国家重点图书出版规划项目 |
| ISBN 978-7-209-09371-2(精装):CNY72.00 |
| 本书对教育家黄炎培的教育思想进行研究。全书共十三章,内容包括在清末教育变革浪潮中、在民初教育改革洪流中、职业教育在中国的萌生、推动职业教育制度确立、战时和战后的教育追求等。 |
| ● |
| 相关链接 |
|
|
|
|
正题名:教育家黄炎培研究
索取号:G40-092.72/769
 
预约/预借
| 序号 | 登录号 | 条形码 | 馆藏地/架位号 | 状态 | 备注 |
| 1 | 1009485 | 210094850 | 第一样本阅览室/ [索取号:G40-092.72/769] | 在馆 | |
| 2 | 1009486 | 210094869 | 教育系资料室/ [索取号:G40-092.72/769] | 在馆 | |
| 3 | 1009487 | 210094878 | 教育系资料室/ [索取号:G40-092.72/769] | 在馆 | |
| 4 | 1009488 | 210094887 | 教育系资料室/ [索取号:G40-092.72/769] | 在馆 | |
| 5 | 1009489 | 210094896 | 第四借阅区/ [索取号:G40-092.72/769] | 在馆 | |
| 6 | 1009490 | 210094903 | 第四借阅区/ [索取号:G40-092.72/769] | 在馆 |